[Event "Quebec op U2000"]
[Site "Laval CAN"]
[Date "2022.09.03"]
[Round "4.36"]
[White "Phaneuf, Vincent"]
[Black "Fumey, Enyonam Sewa"]
[Result "0-1"]
[WhiteElo "1682"]
[BlackElo "1825"]
[PlyCount "138"]
[EventDate "2022.09.01"]
[EventType "swiss"]
[EventRounds "9"]
[EventCountry "CAN"]

1. d4 Nf6 2. c4 e6 3. Nf3 d5 4. Nc3 c5 5. cxd5 exd5 6. e3 Nc6 7. Be2 Be7 8. O-O
O-O 9. b3 Bf5 10. Bb2 a6 11. Rc1 cxd4 12. Nxd4 Nxd4 13. Qxd4 Qa5 14. Rfd1 Rfd8
15. Bf3 Be6 16. Na4 Rac8 17. Bc3 Qb5 18. Bb2 Qa5 19. Qb6 Qxb6 20. Nxb6 Rc6 21.
Bd4 Rdd6 22. Na4 Rxc1 23. Rxc1 Rc6 24. Rxc6 bxc6 25. Nc5 Bc8 26. b4 Ne8 27. Be2
Nc7 28. a4 f6 29. Bd3 Kf7 30. Kf1 g6 31. h3 Bd6 32. Ke2 h6 33. Kd2 g5 34. Kc3
Ke7 35. g4 Bh2 36. e4 Be5 37. f3 Kd6 38. Be2 Ke7 39. Kd3 Kd6 40. Nb3 Bxd4 41.
Nxd4 c5 42. bxc5+ Kxc5 43. Bd1 Bd7 44. Ke3 dxe4 45. fxe4 Ne8 46. Nf5 Bc6 47.
Bc2 Nd6 48. Nxd6 Kxd6 49. Kd4 Bd7 50. Bb3 a5 51. Kd3 Ke5 52. Kc3 Bc6 53. Bc2
Bd7 54. Bb3 Bc6 55. Bc2 Be8 56. Bd1 Bf7 57. Be2 Ba2 58. Bd3 Bg8 59. Be2 Bf7 60.
Bf1 Be8 61. Kb3 h5 62. Be2 hxg4 63. hxg4 Kd4 64. Bb5 Bf7+ 65. Kc2 Kxe4 66. Bd7
Kf4 67. Kd3 Bb3 68. Bf5 Bxa4 69. Kc3 Bd1 0-1

[Event "Quebec op U2000"]
[Site "Laval CAN"]
[Date "2022.09.03"]
[Round "4.37"]
[White "Guan, Daniel"]
[Black "Sarra-Bournet, Marc"]
[Result "1-0"]
[WhiteElo "985"]
[BlackElo "1781"]
[PlyCount "107"]
[EventDate "2022.09.01"]
[EventType "swiss"]
[EventRounds "9"]
[EventCountry "CAN"]

1. d4 d5 2. c4 e6 3. Nc3 Nf6 4. Bg5 Nbd7 5. e3 Be7 6. Nf3 O-O 7. Bd3 b6 8. cxd5
exd5 9. O-O Bb7 10. Rc1 h6 11. Bh4 c5 12. Bf5 Ne4 13. Bxe7 Qxe7 14. Bxd7 Qxd7
15. dxc5 Nxc5 16. b4 Ne6 17. Qd2 Rad8 18. Nd4 Rfe8 19. Rfd1 a6 20. Rc2 Qe7 21.
Na4 Qd6 22. a3 Ng5 23. Rdc1 Qg6 24. Rc7 Ba8 25. Qc2 Qf6 26. Qf5 Qxf5 27. Nxf5
Ne6 28. Ra7 Kf8 29. Nxb6 d4 30. Nxd4 Nxd4 31. exd4 Bc6 32. h3 Rd6 33. d5 Bb5
34. Nc8 Rxd5 35. Nb6 Rd2 36. a4 Bd3 37. Rcc7 Re1+ 38. Kh2 Rxf2 39. Rc8+ Re8 40.
Nd7+ Ke7 41. Nc5+ Kf8 42. Rxe8+ Kxe8 43. Nxd3 Rd2 44. Nc5 Rb2 45. Nxa6 g5 46.
b5 f5 47. Rc7 f4 48. Rc3 h5 49. Rf3 Kd7 50. h4 Ra2 51. hxg5 Kd6 52. Rxf4 Ke5
53. Rb4 Kf5 54. b6 1-0

[Event "Quebec op U2000"]
[Site "Laval CAN"]
[Date "2022.09.03"]
[Round "4.38"]
[White "Morales, Al"]
[Black "Zhang, Michelle"]
[Result "0-1"]
[WhiteElo "1753"]
[BlackElo "1729"]
[PlyCount "90"]
[EventDate "2022.09.01"]
[EventType "swiss"]
[EventRounds "9"]
[EventCountry "CAN"]

1. c4 e5 2. Nc3 Nf6 3. Nf3 Nc6 4. d4 exd4 5. Nxd4 Bc5 6. Nxc6 bxc6 7. g3 Rb8 8.
Bg2 O-O 9. O-O h6 10. b3 Bb7 11. e4 Re8 12. Bb2 Bb4 13. Qc2 Nh7 14. h4 Nf8 15.
a3 Bc5 16. b4 Bd4 17. Rad1 Ne6 18. Bh3 c5 19. b5 Qe7 20. Nd5 Qd6 21. Kg2 c6 22.
bxc6 Bxc6 23. Ba1 Qf8 24. Bxe6 dxe6 25. Bxd4 cxd4 26. Nb4 Bb7 27. Rxd4 a5 28.
Na2 Qxa3 29. c5 Bc6 30. Rd2 a4 31. Re1 Rb3 32. Qc4 f5 33. Qc1 Bxe4+ 34. Kh2
Qxc1 35. Rxc1 Rc8 36. Rc4 a3 37. Nc3 Ra8 38. c6 Rc8 39. c7 Kf7 40. Rd8 Bb7 41.
Rd7+ Kf6 42. Rd1 Ra8 43. Rd8 Bc8 44. Rd2 Rxc3 45. Rxc3 a2 0-1

[Event "Quebec op U2000"]
[Site "Laval CAN"]
[Date "2022.09.03"]
[Round "4.39"]
[White "Servant, Michel"]
[Black "Cloutier, Jean-Pierre"]
[Result "1-0"]
[WhiteElo "1656"]
[BlackElo "1714"]
[PlyCount "108"]
[EventDate "2022.09.01"]
[EventType "swiss"]
[EventRounds "9"]
[EventCountry "CAN"]

1. c4 g6 2. g3 Bg7 3. Bg2 c5 4. Nc3 Nc6 5. Nf3 e6 6. e4 Nge7 7. O-O O-O 8. d3
a6 9. Bg5 h6 10. Be3 Nd4 11. Qd2 Kh7 12. Ne2 e5 13. b4 d6 14. h3 Nxe2+ 15. Qxe2
cxb4 16. Rab1 Nc6 17. Qb2 Re8 18. Rfd1 a5 19. Qc2 Nd4 20. Nxd4 exd4 21. Bc1 Qc7
22. Bb2 Rb8 23. Rbc1 Qc5 24. Qd2 Bd7 25. Qf4 Re7 26. Re1 b6 27. Rc2 Qe5 28. Qc1
h5 29. f4 Qc5 30. Rce2 Rbe8 31. Qa1 b5 32. Rc1 bxc4 33. Rxc4 Qb6 34. Bxd4 Bxd4+
35. Rxd4 f5 36. Kh2 Bb5 37. Rd2 Rc8 38. Rd5 Rc3 39. exf5 gxf5 40. Rxf5 Be8 41.
Be4 Rxe4 42. dxe4 Qe3 43. Qd1 Qxg3+ 44. Kh1 Qxh3+ 45. Rh2 Qf3+ 46. Qxf3 Rxf3
47. Rc2 Bg6 48. Rc7+ Kh6 49. Rf6 Rg3 50. f5 a4 51. Rxg6+ Rxg6 52. fxg6 Kxg6 53.
Rb7 b3 54. axb3 axb3 1-0

[Event "Quebec op U2000"]
[Site "Laval CAN"]
[Date "2022.09.04"]
[Round "5.24"]
[White "Laughlin, Braden"]
[Black "Mangahas, Ronald"]
[Result "0-1"]
[WhiteElo "1879"]
[BlackElo "1842"]
[PlyCount "60"]
[EventDate "2022.09.01"]
[EventType "swiss"]
[EventRounds "9"]
[EventCountry "CAN"]

1. e4 d6 2. d4 Nf6 3. Bd3 g6 4. c4 Bg7 5. Nc3 O-O 6. f3 Nbd7 7. Nge2 c6 8. Be3
e5 9. d5 Qa5 10. a3 a6 11. b4 Qc7 12. Qd2 a5 13. Rb1 Nh5 14. dxc6 bxc6 15. b5
Nf4 16. Nxf4 exf4 17. Bxf4 Ne5 18. b6 Qe7 19. Ne2 Be6 20. Qc2 d5 21. exd5 cxd5
22. Bxe5 Bxe5 23. c5 Bd7 24. c6 Bxc6 25. Qxc6 Rac8 26. Qa4 Bc3+ 27. Kf1 Qe3 28.
Qd1 Bd2 29. Ba6 Rc6 30. Qb3 Rc1+ 0-1

[Event "Quebec op U2000"]
[Site "Laval CAN"]
[Date "2022.09.04"]
[Round "5.25"]
[White "Wang, Rachel"]
[Black "Di Matteo, Alessio"]
[Result "0-1"]
[WhiteElo "1726"]
[BlackElo "1909"]
[PlyCount "62"]
[EventDate "2022.09.01"]
[EventType "swiss"]
[EventRounds "9"]
[EventCountry "CAN"]

1. d4 Nf6 2. c4 e6 3. Nf3 Bb4+ 4. Bd2 a5 5. e3 d5 6. Nc3 O-O 7. a3 Bxc3 8. Bxc3
Ne4 9. Rc1 b6 10. cxd5 exd5 11. Bd3 Ba6 12. O-O Bxd3 13. Qxd3 Na6 14. b4 axb4
15. axb4 Qd6 16. b5 Nb8 17. Qb1 Ra4 18. Be1 Rc8 19. Ne5 Qa3 20. Nc6 Nxc6 21.
Rxc6 Nd6 22. Rc3 Qa2 23. Qd3 Rc4 24. Rb3 Ra8 25. f3 Rc2 26. Rf2 Rxf2 27. Bxf2
Nc4 28. Bg3 Nd2 29. Rc3 Qa1+ 30. Kf2 Ra2 31. Bxc7 Ne4# 0-1

[Event "Quebec op U2000"]
[Site "Laval CAN"]
[Date "2022.09.04"]
[Round "5.26"]
[White "Forget, Luc"]
[Black "Moses, Neil"]
[Result "0-1"]
[WhiteElo "1905"]
[BlackElo "1485"]
[PlyCount "60"]
[EventDate "2022.09.01"]
[EventType "swiss"]
[EventRounds "9"]
[EventCountry "CAN"]

1. d4 Nf6 2. c4 e6 3. Nf3 d5 4. Nc3 Bb4 5. Bg5 O-O 6. e3 b6 7. cxd5 exd5 8. Be2
h6 9. Bh4 Bb7 10. O-O Nbd7 11. a3 Be7 12. Rc1 Rc8 13. Nb5 a5 14. Na7 Ra8 15.
Nc6 Bxc6 16. Rxc6 Bd6 17. Rc1 c5 18. dxc5 bxc5 19. Bb5 Ra7 20. Bg3 Bxg3 21.
hxg3 Qb6 22. a4 Rc8 23. Qd2 c4 24. Bxd7 Rxd7 25. Qd4 Qb4 26. Rfd1 Rb7 27. Rc2
Qxa4 28. Rdc1 Rb4 29. Ne5 Rc7 30. Nd3 cxd3 0-1

[Event "Quebec op U2000"]
[Site "Laval CAN"]
[Date "2022.09.04"]
[Round "5.28"]
[White "Deschamps, Martin"]
[Black "Brassard, Sylvain"]
[Result "1-0"]
[WhiteElo "1864"]
[BlackElo "1694"]
[PlyCount "66"]
[EventDate "2022.09.01"]
[EventType "swiss"]
[EventRounds "9"]
[EventCountry "CAN"]

1. c4 Nf6 2. Nc3 e6 3. Nf3 d5 4. e3 Nbd7 5. d4 Bb4 6. a3 Bxc3+ 7. bxc3 dxc4 8.
Bxc4 O-O 9. O-O b6 10. a4 a5 11. Ba3 Re8 12. Re1 Bb7 13. Qc2 Ne4 14. Rad1 Bd5
15. Bd3 f5 16. c4 Bb7 17. c5 Bd5 18. c6 Ndf6 19. Ne5 h6 20. f3 Ng5 21. h4 Ngh7
22. e4 Bb3 23. Qxb3 Qxd4+ 24. Kf1 Qxe5 25. exf5 Qf4 26. fxe6 Qxh4 27. e7+ Kh8
28. Bg6 Reb8 29. Qd3 Ng5 30. Qd4 Qg3 31. Qe5 Qh4 32. Rd4 Qh1+ 33. Kf2 Nh3+ 1-0

[Event "Quebec op U2000"]
[Site "Laval CAN"]
[Date "2022.09.04"]
[Round "5.29"]
[White "Fang, Zhou"]
[Black "Baran, Marius"]
[Result "1-0"]
[WhiteElo "1726"]
[BlackElo "1781"]
[PlyCount "121"]
[EventDate "2022.09.01"]
[EventType "swiss"]
[EventRounds "9"]
[EventCountry "CAN"]

1. e4 d5 2. exd5 Nf6 3. d4 Nxd5 4. Nf3 Bg4 5. h3 Bh5 6. c4 Nb6 7. Nc3 e6 8. g4
Bg6 9. Ne5 Be7 10. Bg2 c6 11. O-O N8d7 12. Nxg6 hxg6 13. b3 Qc7 14. Be3 g5 15.
Qd2 O-O-O 16. c5 Nd5 17. Nxd5 exd5 18. Bxg5 Bxg5 19. Qxg5 f6 20. Qf5 g6 21. Qd3
Rdf8 22. f4 f5 23. g5 Re8 24. Rf2 Re7 25. Raf1 Rhe8 26. Qg3 Nf8 27. b4 Re3 28.
Rf3 Re2 29. a4 a6 30. h4 Ne6 31. Re3 Nxd4 32. Rxe8+ Rxe8 33. Kh2 Qe7 34. Qd3
Qe3 35. Qxe3 Rxe3 36. Kg1 Kd7 37. Rd1 Nc2 38. Kf2 Rb3 39. h5 gxh5 40. g6 Ke7
41. g7 Kf7 42. Rg1 Kg8 43. Bf3 h4 44. Rg5 Rxf3+ 45. Kxf3 Nd4+ 46. Ke3 Ne6 47.
Rxf5 Nxg7 48. Rf6 h3 49. Kf2 Nh5 50. Rf5 Ng7 51. Re5 Kf7 52. Kg3 h2 53. Kxh2
Kf6 54. Kg3 Nf5+ 55. Kg4 Nd4 56. Rh5 Kg7 57. f5 Nc2 58. Kg5 Nxb4 59. f6+ Kg8
60. Kg6 Nd3 61. f7+ 1-0

[Event "Quebec op U2000"]
[Site "Laval CAN"]
[Date "2022.09.04"]
[Round "5.30"]
[White "Liu, Kevin"]
[Black "Joanis, Marc-Andre"]
[Result "1-0"]
[WhiteElo "1809"]
[BlackElo "1780"]
[PlyCount "89"]
[EventDate "2022.09.01"]
[EventType "swiss"]
[EventRounds "9"]
[EventCountry "CAN"]

1. c4 e5 2. Nc3 Bb4 3. e4 Bxc3 4. bxc3 d6 5. d4 Qe7 6. Bd3 Nf6 7. Qc2 O-O 8.
Ne2 Nc6 9. O-O Re8 10. f3 Na5 11. g4 c5 12. d5 b6 13. Ng3 Kh8 14. Nf5 Bxf5 15.
exf5 e4 16. fxe4 Nxg4 17. Bf4 Ne5 18. Bxe5 Qxe5 19. Rf3 f6 20. Kh1 Nb7 21. Rg3
Re7 22. Rag1 Rd8 23. Qg2 Rdd7 24. Bc2 Na5 25. Qe2 Rc7 26. Rh3 Qxf5 27. Rh5 g5
28. Rf1 Qg6 29. e5 Qe8 30. e6 Nxc4 31. Qxc4 Qxh5 32. Rxf6 Qh4 33. Qf1 Kg7 34.
Rf8 g4 35. Qf5 Qe1+ 36. Kg2 Qe2+ 37. Kg1 Qe3+ 38. Kg2 Qe2+ 39. Kg1 Qe3+ 40. Kg2
Qf3+ 41. Qxf3 gxf3+ 42. Rxf3 b5 43. Rg3+ Kf6 44. Rf3+ Ke5 45. Rf5# 1-0

[Event "Quebec op U2000"]
[Site "Laval CAN"]
[Date "2022.09.04"]
[Round "5.31"]
[White "Fumey, Enyonam Sewa"]
[Black "Sekki, Abderaouf"]
[Result "0-1"]
[WhiteElo "1825"]
[BlackElo "1951"]
[PlyCount "86"]
[EventDate "2022.09.01"]
[EventType "swiss"]
[EventRounds "9"]
[EventCountry "CAN"]

1. e4 d6 2. d4 Nf6 3. Nc3 Nbd7 4. Nf3 e5 5. dxe5 dxe5 6. a3 Be7 7. Be2 c6 8.
Bg5 Qc7 9. O-O O-O 10. Qb1 Nc5 11. Nd2 Ne6 12. Be3 Nd4 13. h3 b5 14. Bd3 a6 15.
Ne2 c5 16. c3 Nxe2+ 17. Bxe2 c4 18. a4 Bb7 19. Qc2 Qc6 20. Bf3 Qe6 21. Kh2 h6
22. g3 Nh7 23. Bg2 Bc6 24. axb5 axb5 25. b4 Rfd8 26. Bb6 Rd3 27. Rxa8+ Bxa8 28.
Be3 Bg5 29. Bxg5 Nxg5 30. h4 Nh7 31. Ra1 Bc6 32. Bf1 Rd8 33. Ra5 Nf6 34. f3 g5
35. hxg5 hxg5 36. Bg2 Kg7 37. Nf1 Rd3 38. Nd2 g4 39. Ra2 gxf3 40. Bxf3 Bd7 41.
Bg2 Ng4+ 42. Kh1 Qh6+ 43. Kg1 Qh2+ 0-1

[Event "Quebec op U2000"]
[Site "Laval CAN"]
[Date "2022.09.04"]
[Round "5.32"]
[White "Zhang, Michelle"]
[Black "Guan, Daniel"]
[Result "1-0"]
[WhiteElo "1729"]
[BlackElo "985"]
[PlyCount "111"]
[EventDate "2022.09.01"]
[EventType "swiss"]
[EventRounds "9"]
[EventCountry "CAN"]

1. e4 c5 2. Nf3 Nc6 3. d4 cxd4 4. Nxd4 g6 5. Nc3 Bg7 6. Be3 Nf6 7. Be2 O-O 8.
O-O d5 9. exd5 Nxd5 10. Nxd5 Qxd5 11. Bf3 Qa5 12. Nxc6 bxc6 13. b4 Qxb4 14.
Bxc6 Ba6 15. Rb1 Qa5 16. Bxa8 Bxf1 17. Qd5 Bb5 18. Qxb5 Qxb5 19. Rxb5 Rxa8 20.
Rb7 a5 21. c4 Kf8 22. c5 Be5 23. f4 Bf6 24. a4 Ke8 25. Kf2 Rc8 26. Kf3 Bc3 27.
Ke4 e6 28. Kd3 Bb4 29. Kc4 h5 30. Kb5 Rd8 31. c6 Rd3 32. c7 Kd7 33. Bb6 Bd6 34.
Kxa5 Rc3 35. Kb5 Bxc7 36. Rxc7+ Rxc7 37. Bxc7 Kxc7 38. Kc5 f6 39. a5 g5 40.
fxg5 fxg5 41. a6 h4 42. h3 e5 43. Kd5 Kb6 44. Kxe5 Kxa6 45. Kf5 Kb7 46. Kxg5
Kc7 47. Kxh4 Kd7 48. Kh5 Ke8 49. g4 Kf8 50. Kg6 Kg8 51. h4 Kh8 52. Kh6 Kg8 53.
g5 Kh8 54. g6 Kg8 55. g7 Kf7 56. Kh7 1-0

[Event "Quebec op U2000"]
[Site "Laval CAN"]
[Date "2022.09.04"]
[Round "5.33"]
[White "Adulfo, Vincent Angel"]
[Black "Sonko, Babacar"]
[Result "1/2-1/2"]
[WhiteElo "1654"]
[BlackElo "1653"]
[PlyCount "93"]
[EventDate "2022.09.01"]
[EventType "swiss"]
[EventRounds "9"]
[EventCountry "CAN"]

1. d4 e6 2. c4 f5 3. g3 Nf6 4. Bg2 d5 5. cxd5 exd5 6. Bg5 c6 7. Nf3 Bd6 8. O-O
O-O 9. Nbd2 Nbd7 10. Qb3 Qe8 11. Bxf6 Nxf6 12. Rfe1 Qh5 13. e4 fxe4 14. Nxe4
Bh3 15. Nxd6 Ng4 16. Re2 Bxg2 17. Kxg2 Nxh2 18. Rh1 Qxf3+ 19. Qxf3 Nxf3 20. Re7
Nxd4 21. Rhe1 Nf5 22. Nxf5 Rxf5 23. Rxb7 Rf7 24. Ree7 Rxe7 25. Rxe7 a5 26. Rc7
Ra6 27. b3 a4 28. bxa4 Rxa4 29. Rxc6 Rxa2 30. Rd6 Rd2 31. Rd7 h5 32. Kf1 Kh7
33. Ke1 Rd4 34. Ke2 Re4+ 35. Kd3 Re5 36. Kd4 Rf5 37. Rxd5 Rxd5+ 38. Kxd5 Kg6
39. Ke4 Kf6 40. Kd4 Kf5 41. Ke3 Kg4 42. Ke4 g5 43. Ke3 Kh3 44. f4 Kg4 45. fxg5
Kxg5 46. Kf2 Kf5 47. Kf3 1/2-1/2

[Event "Quebec op U2000"]
[Site "Laval CAN"]
[Date "2022.09.04"]
[Round "5.34"]
[White "Morin-Pare, Victor"]
[Black "Moisescu, George"]
[Result "1/2-1/2"]
[WhiteElo "1912"]
[BlackElo "1706"]
[PlyCount "73"]
[EventDate "2022.09.01"]
[EventType "swiss"]
[EventRounds "9"]
[EventCountry "CAN"]

1. d4 d5 2. Bf4 e6 3. e3 Nf6 4. c3 Bd6 5. Bg3 c6 6. Nd2 Qc7 7. Ngf3 Nbd7 8. Bd3
e5 9. dxe5 Nxe5 10. Nxe5 Bxe5 11. Qc2 Bg4 12. c4 g6 13. f4 Bd6 14. Qc3 Be7 15.
cxd5 O-O 16. e4 Qd8 17. h3 Bd7 18. dxc6 Bxc6 19. O-O Bb4 20. Qxb4 Qxd3 21. Rf3
Qc2 22. Rf2 Nxe4 23. Nxe4 Qxe4 24. Qxe4 Bxe4 25. Re2 f5 26. Be1 Rac8 27. Bc3
Rfd8 28. Kf2 Kf7 29. g4 Re8 30. Rd2 Red8 31. Rad1 Rxd2+ 32. Rxd2 Ke6 33. Ke3
Rc7 34. Rd8 Rd7 35. Rxd7 Kxd7 36. Kd4 Ke6 37. g5 1/2-1/2

[Event "Quebec op U2000"]
[Site "Laval CAN"]
[Date "2022.09.04"]
[Round "5.36"]
[White "Arsenault, Alexis"]
[Black "Dupont-Mageau, Nicolas"]
[Result "0-1"]
[WhiteElo "1554"]
[BlackElo "1749"]
[PlyCount "48"]
[EventDate "2022.09.01"]
[EventType "swiss"]
[EventRounds "9"]
[EventCountry "CAN"]

1. e4 c5 2. d4 cxd4 3. Nf3 Nc6 4. Nxd4 g6 5. Nc3 Bg7 6. Be3 Nf6 7. Bc4 O-O 8.
Bb3 Re8 9. O-O d6 10. h3 Na5 11. f4 Nxb3 12. cxb3 b6 13. e5 dxe5 14. fxe5 Nd5
15. e6 f5 16. Bf2 Nxc3 17. bxc3 Bb7 18. c4 Qd6 19. Qd2 Rad8 20. Rad1 Bxd4 21.
Bxd4 Qxe6 22. Qc3 Qe4 23. Rd2 e5 24. Qe3 Rxd4 0-1

[Event "Quebec op U2000"]
[Site "Laval CAN"]
[Date "2022.09.04"]
[Round "5.37"]
[White "Servant, Michel"]
[Black "Morales, Al"]
[Result "0-1"]
[WhiteElo "1656"]
[BlackElo "1753"]
[PlyCount "82"]
[EventDate "2022.09.01"]
[EventType "swiss"]
[EventRounds "9"]
[EventCountry "CAN"]

1. c4 c6 2. g3 Nf6 3. Bg2 d5 4. d4 Bg4 5. cxd5 cxd5 6. Nc3 e6 7. h3 Bh5 8. a3
Be7 9. Nf3 Bxf3 10. Bxf3 O-O 11. O-O Nc6 12. Bf4 Qb6 13. e3 Qxb2 14. Na4 Qb5
15. Bc7 Nd8 16. Rb1 Qd7 17. Bxd8 Rfxd8 18. Qb3 b6 19. Rfc1 Rac8 20. Nc3 Ne8 21.
Be2 Nd6 22. Bb5 Nxb5 23. Nxb5 a6 24. Nc3 b5 25. Kg2 Rc4 26. Ne2 Rdc8 27. Rxc4
dxc4 28. Qc3 Qd6 29. Ra1 Bd8 30. Qb4 Qc6+ 31. f3 Bc7 32. Nc3 Qd6 33. Ne4 Qd5
34. Qe7 Qd8 35. Qb4 Ba5 36. Qb1 h6 37. Nc5 Qb6 38. Qe4 Qc6 39. Qg4 Kh7 40. h4
f5 41. Qh5 g6 0-1

[Event "Quebec op U2000"]
[Site "Laval CAN"]
[Date "2022.09.04"]
[Round "5.38"]
[White "Vaillant, Charles-Etienne"]
[Black "Phaneuf, Vincent"]
[Result "1/2-1/2"]
[WhiteElo "1452"]
[BlackElo "1682"]
[PlyCount "29"]
[EventDate "2022.09.01"]
[EventType "swiss"]
[EventRounds "9"]
[EventCountry "CAN"]

1. d4 d5 2. c4 c6 3. Nf3 Nf6 4. Nc3 e6 5. e3 Nbd7 6. Qc2 Bd6 7. g4 Nxg4 8. Rg1
Qf6 9. Rxg4 Qxf3 10. h3 Qf6 11. e4 Qxd4 12. Be3 Qf6 13. Bg5 Qd4 14. Be3 Qf6 15.
Bg5 1/2-1/2

[Event "Quebec op U2000"]
[Site "Laval CAN"]
[Date "2022.08.04"]
[Round "6.24"]
[White "Moses, Neil"]
[Black "Mangahas, Ronald"]
[Result "0-1"]
[WhiteElo "1485"]
[BlackElo "1842"]
[PlyCount "60"]
[EventDate "2022.09.01"]
[EventType "swiss"]
[EventRounds "9"]
[EventCountry "CAN"]

1. Nf3 Nf6 2. c4 g6 3. g3 Bg7 4. Bg2 O-O 5. d4 d6 6. Nc3 Nc6 7. e4 Bg4 8. O-O
e5 9. d5 Nd4 10. Be3 Nd7 11. Bxd4 exd4 12. Ne2 d3 13. Qxd3 Bxb2 14. Rab1 Bg7
15. h3 Nc5 16. Qc2 Bd7 17. Ne1 Re8 18. f3 Qg5 19. Kf2 f5 20. Nd3 Ba4 21. Rb3
Nxd3+ 22. Qxd3 fxe4 23. Qe3 Qd8 24. Rb4 exf3 25. Qxf3 Rf8 26. Nf4 Bd4+ 27. Ke2
Bc5 28. Rxa4 Qe8+ 29. Qe4 Qxa4 30. Qe6+ Kh8 0-1

[Event "Quebec op U2000"]
[Site "Laval CAN"]
[Date "2022.09.04"]
[Round "6.26"]
[White "Liu, Kevin"]
[Black "Laughlin, Braden"]
[Result "1-0"]
[WhiteElo "1809"]
[BlackElo "1879"]
[PlyCount "55"]
[EventDate "2022.09.01"]
[EventType "swiss"]
[EventRounds "9"]
[EventCountry "CAN"]

1. c4 c6 2. e4 d5 3. exd5 cxd5 4. d4 Nf6 5. Nf3 Nc6 6. Ne5 dxc4 7. Nxc6 bxc6 8.
Bxc4 Qa5+ 9. Nc3 Ba6 10. Qb3 e6 11. O-O Bd6 12. Bxa6 Qxa6 13. Bg5 Nd5 14. Ne4
Kd7 15. Qf3 f5 16. Nxd6 Kxd6 17. Bf4+ Kd7 18. Be5 Rhg8 19. Qh5 Raf8 20. Qxh7
Ne7 21. Qh3 Rf7 22. Qc3 g5 23. Qc5 Nc8 24. Rac1 f4 25. Rc3 Qb6 26. Qa3 g4 27.
Rb3 Qd8 28. Qa6 1-0

[Event "Quebec op U2000"]
[Site "Laval CAN"]
[Date "2022.09.04"]
[Round "6.27"]
[White "Wang, Rachel"]
[Black "Deschamps, Martin"]
[Result "1-0"]
[WhiteElo "1726"]
[BlackElo "1864"]
[PlyCount "67"]
[EventDate "2022.09.01"]
[EventType "swiss"]
[EventRounds "9"]
[EventCountry "CAN"]

1. d4 Nf6 2. c4 c5 3. d5 e6 4. Nc3 exd5 5. cxd5 d6 6. e4 g6 7. Bd3 Bg7 8. Nge2
O-O 9. O-O Re8 10. Ng3 a6 11. a4 Nbd7 12. f4 Qc7 13. Be3 c4 14. Bc2 Nc5 15. Bd4
Ng4 16. f5 Nd3 17. f6 Bh6 18. Bxd3 Be3+ 19. Bxe3 Nxe3 20. Qd2 Qb6 21. Kh1 Qd4
22. Qf2 Qxd3 23. Qf4 Kh8 24. Rf3 Nxg2 25. Kxg2 Qc2+ 26. Rf2 Qb3 27. Qxd6 Bg4
28. Ra3 Rad8 29. Qc5 b6 30. Qc7 Qb4 31. Qxf7 Rg8 32. Qc7 Rc8 33. Qf4 Bd7 34. f7
1-0

[Event "Quebec op U2000"]
[Site "Laval CAN"]
[Date "2022.09.04"]
[Round "6.28"]
[White "Sekki, Abderaouf"]
[Black "Fang, Zhou"]
[Result "0-1"]
[WhiteElo "1951"]
[BlackElo "1726"]
[PlyCount "88"]
[EventDate "2022.09.01"]
[EventType "swiss"]
[EventRounds "9"]
[EventCountry "CAN"]

1. d4 Nf6 2. c4 g6 3. Nc3 Bg7 4. e4 d6 5. Be2 O-O 6. Be3 e5 7. d5 Nbd7 8. g4 a5
9. g5 Ne8 10. h4 f5 11. gxf6 Ndxf6 12. h5 Nxh5 13. Bxh5 gxh5 14. Qxh5 Nf6 15.
Qh4 Qd7 16. f3 Qf7 17. O-O-O Bd7 18. Nh3 Qh5 19. Qg3 Qg6 20. Qh2 Qh5 21. Qg2
Qg6 22. Qd2 Bxh3 23. Rxh3 Qe8 24. Rg1 Rf7 25. Ne2 Qa4 26. Kb1 Qxc4 27. Ng3 Kf8
28. Bh6 Bxh6 29. Qxh6+ Ke7 30. Nh5 Qd3+ 31. Ka1 Rg8 32. Rhg3 Rxg3 33. Nxg3 Qxf3
34. Qh3 Nxe4 35. Rf1 Nf2 36. Qh4+ Ke8 37. Qh2 Ng4 38. Qh3 Qxg3 39. Qh5 Nf6 40.
Qf5 Qg4 41. Qd3 Nd7 42. Rxf7 Kxf7 43. Qxh7+ Ke8 44. a3 Qd1+ 0-1

[Event "Quebec op U2000"]
[Site "Laval CAN"]
[Date "2022.09.11"]
[Round "6.29"]
[White "Zhang, Michelle"]
[Black "Forget, Luc"]
[Result "1-0"]
[WhiteElo "1729"]
[BlackElo "1905"]
[PlyCount "49"]
[EventDate "2022.09.01"]
[EventType "swiss"]
[EventRounds "9"]
[EventCountry "CAN"]

1. e4 e6 2. d4 d5 3. e5 c5 4. c3 Nc6 5. Nf3 Bd7 6. a3 f6 7. Bb5 Nxe5 8. Nxe5
fxe5 9. Qh5+ g6 10. Qxe5 Qf6 11. Bxd7+ Kxd7 12. Bf4 Rc8 13. dxc5 Bg7 14. Qd6+
Ke8 15. O-O Rd8 16. Qc7 Rd7 17. Qc8+ Rd8 18. Qxb7 Rd7 19. Qb4 Ne7 20. Re1 Kf7
21. Nd2 Nc6 22. Qa4 Rc8 23. Nf3 Qf5 24. Ng5+ Kg8 25. Rxe6 1-0

[Event "Quebec op U2000"]
[Site "Laval CAN"]
[Date "2022.09.04"]
[Round "6.30"]
[White "Giroux, Robert"]
[Black "Adulfo, Vincent Angel"]
[Result "1/2-1/2"]
[WhiteElo "1977"]
[BlackElo "1654"]
[PlyCount "74"]
[EventDate "2022.09.01"]
[EventType "swiss"]
[EventRounds "9"]
[EventCountry "CAN"]

1. Nf3 c5 2. b3 Nf6 3. Bb2 g6 4. e3 Bg7 5. d4 d6 6. c4 O-O 7. Be2 Bf5 8. O-O
Nc6 9. Nh4 Bd7 10. Nf3 Qc7 11. Nc3 Rad8 12. d5 Ne5 13. Qc2 Nxf3+ 14. Bxf3 h5
15. Ne4 Bf5 16. Nxf6+ exf6 17. e4 Bc8 18. Bc3 f5 19. Bxg7 Kxg7 20. Qc3+ Kg8 21.
Rfe1 Rde8 22. Re3 Re5 23. exf5 Bxf5 24. Rxe5 dxe5 25. Re1 Re8 26. h3 Qd6 27. g4
hxg4 28. Bxg4 Bxg4 29. hxg4 f5 30. f4 e4 31. gxf5 gxf5 32. Re3 Kf7 33. Rg3 Rg8
34. Rxg8 Kxg8 35. Qg3+ Kf7 36. Qg5 Qf6 37. Qxf6+ Kxf6 1/2-1/2

[Event "Quebec op U2000"]
[Site "Laval CAN"]
[Date "2022.09.04"]
[Round "6.31"]
[White "Baran, Marius"]
[Black "Brassard, Sylvain"]
[Result "1-0"]
[WhiteElo "1781"]
[BlackElo "1694"]
[PlyCount "43"]
[EventDate "2022.09.01"]
[EventType "swiss"]
[EventRounds "9"]
[EventCountry "CAN"]

1. d4 d5 2. c4 Nc6 3. Nf3 Bg4 4. Nc3 Bxf3 5. gxf3 e6 6. cxd5 exd5 7. Bf4 Bd6 8.
Bg3 Bxg3 9. hxg3 Nf6 10. e3 Qe7 11. a3 a6 12. Be2 Qd6 13. Qc2 Ne7 14. b4 c6 15.
Na4 Nc8 16. Nc5 b5 17. a4 Nb6 18. a5 Nc4 19. Bd3 h6 20. Bf5 g6 21. Bxg6 fxg6
22. Qxg6+ 1-0

[Event "Quebec op U2000"]
[Site "Laval CAN"]
[Date "2022.09.04"]
[Round "6.32"]
[White "Dupont-Mageau, Nicolas"]
[Black "Page, Denis"]
[Result "1/2-1/2"]
[WhiteElo "1749"]
[BlackElo "1637"]
[PlyCount "150"]
[EventDate "2022.09.01"]
[EventType "swiss"]
[EventRounds "9"]
[EventCountry "CAN"]

1. e4 c5 2. Nc3 Nc6 3. f4 e6 4. Nf3 a6 5. d3 d5 6. g3 Nf6 7. Bg2 dxe4 8. Nxe4
Nxe4 9. dxe4 Qxd1+ 10. Kxd1 Bd7 11. c3 b5 12. e5 Rc8 13. Kc2 Ne7 14. Be3 Nd5
15. Bf2 a5 16. Rad1 Bc6 17. Rd2 Be7 18. Rhd1 g6 19. Ne1 O-O 20. Kb1 c4 21. Bg1
b4 22. Bxd5 Bxd5 23. Bd4 Rb8 24. Re2 Rfd8 25. Rdd2 bxc3 26. Bxc3 Bb4 27. Kc2
Kf8 28. Ng2 Bf3 29. Rf2 Be4+ 30. Kc1 Rxd2 31. Kxd2 Bc5 32. Ne3 Rd8+ 33. Ke2
Bd3+ 34. Kf3 Bb1 35. Rd2 Rxd2 36. Bxd2 Bxa2 37. Bxa5 Ke7 38. Ng4 h5 39. Nf6 Bd4
40. Bb4+ Kd8 41. Bc3 Bg1 42. h3 Bb1 43. Ne4 Bb6 44. Nd6 Bd3 45. Nxf7+ Kd7 46.
Ng5 Bc2 47. g4 Bd1+ 48. Kg3 h4+ 49. Kg2 Ba4 50. Kf1 Bc6 51. Ke2 Bg2 52. Kd2 Bd8
53. Bd4 Bxg5 54. fxg5 Kc6 55. Bf2 Kd5 56. Bxh4 Bxh3 57. Bg3 Ke4 58. Kc3 Bf1 59.
Be1 Kxe5 60. Bd2 Ke4 61. b3 cxb3 62. Kxb3 e5 63. Kc3 Be2 64. Bc1 Kf3 65. Kd2
Kf2 66. Bb2 e4 67. Bd4+ Kf3 68. Bg1 Bb5 69. Bd4 Bd7 70. Ke1 e3 71. Bf6 Bxg4 72.
Bd8 Kf4 73. Bf6 Kf5 74. Bd8 Ke6 75. Bf6 Bf3 1/2-1/2